|
|
|
|
| LEADER |
00929nam a22002417a 4500 |
| 001 |
32461 |
| 003 |
BD-DhAAL |
| 005 |
20241208141342.0 |
| 008 |
171130t1991 bg a|||| |||| 00| 0 eng d |
| 040 |
|
|
|a BD-DhAAL
|c BD-DhAAL
|
| 082 |
|
|
|2 22
|a 306.095492
|
| 245 |
|
|
|a Research reports.
|f (1991) :
|b social studies.
|n Volume VI.
|
| 260 |
|
|
|a Dhaka :
|b Bangladesh Rural Advancement Committee (BRAC),
|c 1990.
|
| 300 |
|
|
|a 173 pages :
|b illustrations ;
|c 30 cm.
|
| 504 |
|
|
|a Includes bibliographical references
|
| 541 |
|
|
|e 32461
|a BRAC
|
| 610 |
|
|
|a BRAC
|9 14405
|
| 651 |
|
|
|a Bangladesh
|x Social condition.
|9 24142
|
| 710 |
|
|
|a BRAC
|9 14405
|
| 852 |
|
|
|a Ayesha Abed Library
|c BRAC Resource Section
|
| 942 |
|
|
|2 ddc
|c BK
|
| 999 |
|
|
|c 38790
|d 38790
|
| 952 |
|
|
|0 0
|1 0
|2 ddc
|4 0
|6 306_095492000000000_RES
|7 1
|8 RPT
|9 62250
|a BRACUL
|b BRACUL
|c BRS
|d 2017-12-10
|e BRAC
|l 0
|o 306.095492 RES
|p 3010032461
|r 2017-12-10
|t 1
|w 2017-12-10
|y BK
|x BRAC ; price not available in register
|